1996 1235 1419 1185 1638 1827 1607 1294 1088 1394 1081 1466 1232 1782 1460 1796 1546 1790 1806 1458 1438 1886 1201 1807 1855 1894 1465 1708 1918 1826 1674 1832 1653 1184 1598 1902 1927 1081 1968 1417 1088 1760 1671 1251 1958 1965 1699 1850 1418 1811 1676 1051 1499 1731 1020 1290 1460 1663 1517 1719 1992 1105 1480 1041 1990 1914 1564 1269 1098 1530 1148 1228 1871 1739 1806 1863 1140 1487 1924 1518 1380 1579 1398 1007 1848 1615 1358 1604 1735 1615 1800 1338 1445 1561 1354 1281 1511 1679 1708 BCNSPRNW ULIB Ver.6.0+V

เปลี่ยนเป็นภาษาไทย

Change to English
 แสดงรายละเอียดบรรณานุกรม
  กลับหน้าหลัก

Brief Record : Get Marc (ISO 2709) : E-mail record : QR code < ปิดหน้าต่าง
LEADER : 00000nam 2200000uu 4500
001    13399113604
003     ULIB
008    111201sมปป.||||th 000 0 tha d
020    ^a9789740640370
090    ^aนว.^bล711T มปป.
100 0  ^aลูกชุบ
245 00 ^aThe Carnival รักเหลือร้ายจับหัวใจใส่หน้ากาก/^cลูกชุบ
250    ^aพิมพ์ครั้งที่ 1
260    ^aกรุงเทพฯ :^bแจ่มใส,^cมปป.
300    ^a200 หน้า
710 1  ^aแจ่มใส
945    ^p149^l0^i15312
995    ^aทศพร
999    ^aใช้งานได้ทุกระบบ
รายการนี้ยังไม่มีแท็ก
คุณยังไม่ได้ล็อกอิน คุณสามารถมีกิจกรรมร่วมกับเว็บไซต์ได้ แต่ต้องล็อกอินก่อน ::
  ล็อกอิน

รายการสื่อสารสนเทศ

ลำดับที่ ประเภท เลขเรียก/บาร์โค้ด สถานที่ สถานะ
1. นวนิยาย
นวนิยาย
นว. ล711T มปป. ฉ.1 
  Barcode: 15312
ห้องสมุดวิทยาเขตสวรรค์ประชารักษ์
►นวนิยาย
บนชั้น
  ขอยืม

รายการใกล้เคียง
    ผู้แต่ง [ลูกชุบ]

BibComment


ยังไม่เคยถูกคอมเมนท์

คอมเมนท์ทรัพยากรรายการนี้
  คอมเมนท์: The Carnival รัก..


 Copyright 2026. Bcnsprnw @Library